Languages in Indiana - Statistics

General Stats
  • This quiz has been taken 118 times
  • The average score is 11 of 15
Answer Stats
# of speakers Language % Correct
5,295,736 English
99%
185,576 Spanish
98%
44,142 German
96%
18,065 French
90%
4,798 Italian
84%
9,912 Chinese
80%
5,339 Japanese
78%
5,338 Arabic
71%
5,032 Korean
67%
7,831 Polish
67%
4,746 Vietnamese
67%
15,706 Other West Germanic Languages
66%
4,233 Greek
51%
5,129 Other Slavic Languages
46%
5,843 Serbo-Croatian
26%
No matching quizzes found
Score Distribution
Percent of People with Each Score
Percentile by Number Answered
Your Score History
You have not taken this quiz